000 00437nam a2200181Ia 4500
008 210716s2004 xx 000 0 und d
020 _a8178811324
041 _aeng
082 _a657 PRAD
100 _aPrasuna, D G.
245 _aNew vistas in accounting.
250 _a1
260 _aHyderabad
_bICFAI University Press
_c2004
300 _avii,197,A-15
440 _vI
650 _aAccounting(657)
700 _aPrasuna, D G.
999 _c202399
_d202399